| 000 | 01020nam0a22002651 4500 | ||
|---|---|---|---|
| 001 | rc\91710 | ||
| 005 | 20260406085454.0 | ||
| 035 | _a(NLR Aleph) 005397393 | ||
| 090 |
_a7240875 _c7240875 |
||
| 100 | _a20021216d1995 |||y0rusy50 ca | ||
| 101 | 0 | _arus | |
| 102 | _aRU | ||
| 105 | _ay ||||||||| | ||
| 200 | 1 | _aПрименение методов нелинейного функционального анализа к исследованию свойств уравнения Власова-Вигнера | |
| 210 |
_aМ. _cИПМ _d1995 |
||
| 215 |
_a14 с. _d21 |
||
| 225 | 1 |
_aПрепринт _fИн-т прикл. математики им. М.В. Келдыша Рос. акад. наук _v№ 63 |
|
| 300 | _aРез. на англ. яз. | ||
| 320 | _aБиблиогр.: с. 14 | ||
| 700 | 1 |
_7ca _8rus _aФимин _bН. Н. _gНиколай Николаевич _3RU\NLR\AUTH\770280076 _92652043 |
|
| 801 | 0 |
_aRU _bNLR _gpsbo |
|
| 801 | 1 |
_aRU _bELAR _2rusmarc |
|
| 852 |
_aNLR _j95-4/9129 |
||
| 942 | _cBOOK | ||
| 980 | _aNB | ||